Normal view
MARC view
- Hofstetter, Fred T.
Entry Personal Name
001 - CONTROL NUMBER
- control field: 55642
003 - CONTROL NUMBER IDENTIFIER
- control field: NUST
005 - DATE AND TIME OF LATEST TRANSACTION
- control field: 20210628201525.0
008 - FIXED-LENGTH DATA ELEMENTS
- fixed length control field: 210628|| aca||aabn | a|a d
040 ## - CATALOGING SOURCE
- Original cataloging agency: NUST
- Transcribing agency: NUST
100 ## - HEADING--PERSONAL NAME
- Personal name: Hofstetter, Fred T.
- Fuller form of name: (Fred Thomas),
- Dates associated with a name: 1949-
670 ## - SOURCE DATA FOUND
- Source citation: Work cat.: (NUST): Hofstetter, Fred T. (Fred Thomas), 1949-, Advanced Web design , 2003.
